Optimization under constraints : theory and applications of nonlinear programming /
Guardado en:
| Autor Principal: | |
|---|---|
| Formato: | Libro |
| Idioma: | English |
| Publicado: |
London :
Wiley-Interscience,
c1971.
|
| Series: | Wiley series in probability and mathematical statistics
|
| Etiquetas: |
Agregar Etiqueta
Sin Etiquetas, Sea el primero en etiquetar este registro!
|
| LEADER | 00662cam a22001935a 4500 | ||
|---|---|---|---|
| 001 | MAT.inmabb002203 | ||
| 008 | 720120s1971####enka#####b####001#0#eng#d | ||
| 005 | 20160804125234.0 | ||
| 245 | 1 | 0 | |a Optimization under constraints : |b theory and applications of nonlinear programming / |c Peter Whittle. |
| 260 | |a London : |b Wiley-Interscience, |c c1971. | ||
| 300 | |a ix, 241 p. : |b il. ; |c 24 cm. | ||
| 440 | 0 | |a Wiley series in probability and mathematical statistics | |
| 504 | |a Bibliografía: p. 238. | ||
| 510 | 4 | |a MR, |c 49 #2107 | |
| 020 | |a 0471941301 | ||
| 100 | 1 | |a Whittle, Peter. | |
| 084 | |a 90C30 |2 msc2000 | ||
| 010 | |a 75149574 | ||
| 859 | |h 90 |i W627 |p A-3875 |b BIB. MATEMATICA | ||
